000 00873nam a22002771 4500
001 36315
003 BD-RjUL
005 20211209052453.0
008 140619t1967 mauc b 001 0beng d
035 _a(BD-RjUL)36412
040 _aDLC
_cDLC
_dDLC
_dBD-RjUL
_beng
041 _aeng
082 0 0 _a952.0320924
_bNAH 1967
100 1 _aNajita, Tetsuo.
_9110513
245 1 0 _aHara Kei in the politics of compromise, 1905-1915 /
260 _aCambridge, Mass. :
_bHarvard University Press,
_c1967.
300 _axvii, 314 p. :
_bill. ;
_c22 cm.
500 _aBased on the author's thesis, Harvard University.
504 _aincludes index.
600 1 0 _aHara, Takashi,
_d1856-1921.
_9110514
651 0 _aJapan
_xPolitics and government
_9110515
942 _2ddc
_cBK
999 _c36315
_d36315